000 00425 a2200169 4500
001 188368
020 _a85-7526-166-5
040 _cMagnum
100 _aPereira, Doralice Barros
240 1 0 _aA insustentável leveza da política ambiental
_lpor
245 1 0 _aA insustentável leveza da política ambiental
300 _a287
362 0 _a2005
440 1 _aAutêntica
697 _aEDUCAÇÃO AMBIENTAL
942 _cBK
999 _c188368
_d188368